MANAGING HUMAN RESOURSES. (Record no. 230457)

MARC details
000 -LEADER
fixed length control field 00380pam a2200145 a 4500
020 ## - INTERNATIONAL STANDARD BOOK NUMBER
Terms of availability
041 ## - LANGUAGE CODE
Language code of original
100 ## - MAIN ENTRY--PERSONAL NAME
Personal name GEORGE BHOLENDER.
Relator term Author
245 ## - TITLE STATEMENT
Title MANAGING HUMAN RESOURSES.
Statement of responsibility, etc. GEORGE BHOLENDER.
Medium Textual Documents
260 ## - PUBLICATION, DISTRIBUTION, ETC.
Place of publication, distribution, etc. south Western
Name of publisher, distributor, etc. thomson Delmar learninig
300 ## - PHYSICAL DESCRIPTION
Extent 794
653 ## - INDEX TERM--UNCONTROLLED
Uncontrolled term human resources management
700 ## - ADDED ENTRY--PERSONAL NAME
Relator term Co-Author
930 ## - EQUIVALENCE OR CROSS-REFERENCE-UNIFORM TITLE HEADING [LOCAL, CANADA]
Uniform title 3058
Holdings
Withdrawn status Lost status Damaged status Not for loan Collection Home library Current library Date acquired Source of acquisition Cost, normal purchase price Total Checkouts Full call number Barcode Date last seen Copy number Price effective from Koha item type
          Institute of Hotel Management & Catering Technology, Pune Institute of Hotel Management & Catering Technology, Pune 01/01/1900 world book pune 416.00   HMP-D-928 07/03/2023 1 07/03/2023 Book